000 00469nam a2200181Ia 4500
008 131103s9999 xx 000 0 und d
020 _a0 451 16396 6
040 _aLoreto College
041 _aEnglish
082 _aF/KES
_bLCBED/11784
100 _aKesey, Ken
245 _aOne flew over the cuckoo's nest
_cKen Kesey
260 _aLondon
_bSignet Books
_c1962
300 _a272 p.
_c 20 cm.
650 _aEnglish fiction
850 _aLCBED/F/KES
942 _cBK
999 _c32474
_d82953